The country-mans new art of planting and graffing (Record no. 113367)

MARC details
000 -LEADER
fixed length control field 00968cam a22001935a 4500
001 - CONTROL NUMBER
control field L155172
008 - FIXED-LENGTH DATA ELEMENTS--GENERAL INFORMATION
fixed length control field 120307s1651 xxk f 000 0 eng d
035 ## - SYSTEM CONTROL NUMBER
System control number (Sirsi) u155172
041 0# - LANGUAGE CODE
Language code of text/sound track or separate title eng
100 1# - MAIN ENTRY--PERSONAL NAME
Personal name Mascall, Leonard
Dates associated with a name d. 1589
245 04 - TITLE STATEMENT
Title The country-mans new art of planting and graffing
Remainder of title directing the best way to make any ground good for a rich orchard: with the manner how to plant and graffe all sorts of trees, to set and sow curnels; as also the remedies and medicines concerning the same; with divers other new experiments: practised by Leonard Mascall. Published by authority
260 ## - PUBLICATION, DISTRIBUTION, ETC.
Place of publication, distribution, etc. London
Name of publisher, distributor, etc. printed by I. Bell, and are to be sold by Iohn Wright, at the King's Head in the Old Bailey
Date of publication, distribution, etc. 1651
300 ## - PHYSICAL DESCRIPTION
Extent [12], 70p.
Other physical details ill. (woodcuts)
Dimensions 4o
520 ## - SUMMARY, ETC.
Summary, etc. Leaf [A]2v bears woodcut illustrations of tools.
583 ## - ACTION NOTE
Action Condition reviewed
Time/date of action 20120620
Status condition level 1
651 #4 - SUBJECT ADDED ENTRY--GEOGRAPHIC NAME
Geographic name Great Britain
Chronological subdivision 1707-
690 ## - LOCAL SUBJECT ADDED ENTRY--TOPICAL TERM (OCLC, RLIN)
Topical term or geographic name as entry element Rural
9 (RLIN) 6268
942 ## - ADDED ENTRY ELEMENTS (KOHA)
Suppress in OPAC 0
Holdings
Withdrawn status Lost status Damaged status Not for loan Home library Current library Shelving location Date acquired Total Checkouts Full call number Barcode Date last seen Copy number Price effective from Koha item type
        Historic collection Historic collection Historic collection 07/03/2012   LAND OCTAVO 1651 MASCALL 30077682 26/08/2025 1 06/08/2019 Book